00582 2200169 4500245003900000020002200039250001100061100001400072650001600086005001900102260003800121041001400159084000800173300002300181500019900204336000900403 aSi Anak PemberanicTere LiyehText a978-602-5734-52-6 aCet. 1 aTere Liye aNovel Fiksi a20231010103755 aJakartabRepublika Penerbitc2018 aIndonesia a813 a424 hlm. :c21 cm. aBuku ini tentang Eliana, si anak pemberani yang membela tanah, sungai, hutan, dan lembah kampungnya. Saat kerakusan dunia datang, Eliana bersama teman karib nya bahu membahu melakukan perlawanan atext